Documentos propiedad de Don Vicente de la Barreda Lozano (Record no. 4840)
[ view plain ]
| 000 -CABECERA | |
|---|---|
| campo de control de longitud fija | 01539nam a2200265 a 4500 |
| 001 - NÚMERO DE CONTROL | |
| campo de control | BRCA_5146 |
| 005 - FECHA Y HORA DE LA ÚLTIMA TRANSACCIÓN | |
| campo de control | 20190320204947.0 |
| 008 - DATOS DE LONGITUD FIJA--INFORMACIÓN GENERAL | |
| campo de control de longitud fija | 221110s1538----mx-######v---#000-0#spa-# |
| 041 ## - CÓDIGO DE LENGUA | |
| Código de lengua del texto/banda sonora o título independiente | spa |
| 050 #4 - SIGNATURA TOPOGRÁFICA DE LA BIBLIOTECA DEL CONGRESO | |
| Número de clasificación | bDOC135 |
| -- | .B37 |
| -- | 1538 |
| 100 1# - ENTRADA PRINCIPAL--NOMBRE DE PERSONA | |
| Nombre de persona | Barreda Lozano, Vicente de la |
| 9 (RLIN) | 13153 |
| 245 10 - MENCIÓN DE TÍTULO | |
| Título | Documentos propiedad de Don Vicente de la Barreda Lozano |
| Mención de responsabilidad, etc. | Vicente de la Barreda Lozano. |
| 260 ## - PUBLICACIÓN, DISTRIBUCIÓN, ETC. | |
| Lugar de publicación, distribución, etc. | México |
| Fecha de publicación, distribución, etc. | 1538 |
| 300 ## - DESCRIPCIÓN FÍSICA | |
| Extensión | [5] fojas |
| Dimensiones | 31 x 23 cm. |
| 500 ## - NOTA GENERAL | |
| Nota general | Títulos de las casas del tratado de tenería que llaman del Rossal, y la cuenta anexa pertenecientes a Don Vicente de la Barreda Lozano. En este legajo se encuentra la escritura de compra de la huerta del Colegio del Espíritu Santo de la Compañía de Jesús. La escritura de la huerta, el testimonio de la cancelación de dicho censo, el titulo de las primeras mercedes de dicha huerta y licenciada de la tenería, todo confirmado por el Virrey [Antonio de Mendoza]. |
| 500 ## - NOTA GENERAL | |
| Nota general | El documento contiene la leyenda DOC. #303. |
| 500 ## - NOTA GENERAL | |
| Nota general | Estado de conservación: contiene manchas de acidez, laguna en la primera foja en la esquina inferior derecha y márgenes deteriorados. |
| 506 0# - NOTA DE RESTRICCIONES AL ACCESO | |
| Limitaciones de acceso | Fondo Reservado. Para su consulta es necesario credencial de usuario y carta de motivos. |
| 546 ## - NOTA DE LENGUA/LENGUAJE | |
| Nota de lengua/lenguaje | Texto en: español de principios del siglo XVI. |
| 600 14 - PUNTO DE ACCESO ADICIONAL DE MATERIA--NOMBRE DE PERSONA | |
| Nombre de persona | Barreda Lozano, Vicente de la |
| Subdivisión general | Historia |
| 9 (RLIN) | 13154 |
| 650 14 - PUNTO DE ACCESO ADICIONAL DE MATERIA--TÉRMINO DE MATERIA | |
| Término de materia o nombre geográfico como elemento de entrada | Documentos legales |
| Subdivisión de forma | Manuscritos |
| Subdivisión general | Historia |
| 9 (RLIN) | 12814 |
| 651 #4 - PUNTO DE ACCESO ADICIONAL DE MATERIA--NOMBRE GEOGRÁFICO | |
| Nombre geográfico | México |
| Subdivisión general | Historia |
| Subdivisión cronológica | Colonia, 1521-1821 |
| 9 (RLIN) | 12461 |
| 902 ## - CATALOGADOR | |
| Iniciales | FDH |
| 942 ## - ELEMENTOS DE PUNTO DE ACCESO ADICIONAL (KOHA) | |
| Fuente del sistema de clasificación o colocación | Library of Congress Classification |
| Tipo de ítem Koha | Documentos |
| Estado de retiro | Estado de pérdida | Estado dañado | No para préstamo | Localización permanente | Ubicación/localización actual | Fecha de adquisición | Total de préstamos | Signatura topográfica completa | Código de barras | Fecha visto por última vez | Precio válido a partir de | Tipo de ítem Koha |
|---|---|---|---|---|---|---|---|---|---|---|---|---|
| El ejemplar forma parte de la colección y puede ser consultado según las políticas vigentes. | Biblioteca del Museo Franz Mayer (Rogerio Casas-Alatriste) | Biblioteca del Museo Franz Mayer (Rogerio Casas-Alatriste) | 22/11/2010 | bDOC135 .B37 1538 | 5490 | 22/03/2019 | 22/03/2019 | Documentos |